000 00982pam a2200337 a 4500
001 565689
003 GZU
005 20260421125453.0
008 890808s1990 nyua b 001 0 eng
010 _a 89039148
020 _a0060468696
020 _a9780060468699
022 _a.
035 _a565689
040 _aDLC
_cDLC
_dDLC
_beng
_erda
050 0 0 _aBF121
_b.WAD 1990
100 1 _aWade, Carole
_c(Professor of psychology)
_eauthor
245 1 0 _aPsychology /
_cCarole Wade, Carol Tavris.
250 _aSecond edition
260 _aNew York :
_bHarper & Row,
_cc1990.
300 _a1 v. (various pagings) :
_billustrations (some colour) ;
_c27 cm.
336 _atext
_btxt
_2rdacontent
337 _aunmediated
_bn
_2rdamedia
338 _avolume
_bnc
_2rdacarrier
504 _aIncludes bibliographical references.
505 _a.
520 _a.
650 0 _aPsychology.
700 1 _aTavris, Carol.
_eauthor
942 _2lcc
_cBK
_eSecond edition
_h121
_iWAD
_kBF
999 _c11761
_d11761